000 01231nam a2200325 4500
001 0000023692
003 CO-CtgCURN
005 20250331185211.0
007 ta
008 160627s2006 000 0 eng d
020 _a8481748900
040 _aCO-CtgCURN
_bspa
_ccoctgcurn
082 0 _a616.075
_bM489
245 0 0 _aMedicina basada en la evidencia :
_bcomo ejercer y enseñar la MBE /
_cSharon E. Straus ... [et al.].
250 _a3 ed.
260 _aMadrid :
_bElsevier,
_c2006.
300 _a313 p.
336 _2rdacontent
337 _2rdamedia
_asin mediacion
_bn
338 _2rdacarrier
_avolumen
_bnc
504 _aIncluye indice.
505 8 _aFormular preguntas clinicas contestables -- Como encontrar la mejor evidencia actual y hacer que la mejor evidencia actual nos encuentre -- Diagnostico y cribado -- Pronostico -- Tratamiento -- Daño -- Metodos de enseñanza
534 _aEvidence-based Medicine.
650 1 4 _aMedicina basada en evidencia [Mesh]
700 1 _aStraus, Sharon E.
908 _a160627
942 _cBK
_h616.075
_iM489
_2ddc
999 _c22679
_d22679